000 01353nam a2200229 a 4500
003 DLC
005 20250923132137.0
008 250923c1955 mx|fr|p|r|||| 00| 0 spa d
022 0 _a0185-2450
035 _aUPN01000059364
040 _aMX-MxUPN
_bspa
_cMX-MxUPN
_eaacr2
245 1 0 _aDiánoia :
_brevista de filosofía
260 _aDistrito Federal, México :
_bUniversidad Nacional Autónoma de México. Instituto de Investigaciones Filosóficas,
_c1955-
310 _aSemestral
510 _aLatindex
520 1 _aEs una publicación orientación pluralista que publica investigaciones originales en español sobre cualquier corriente filosófica, así como el resultado de investigaciones que contribuyan al debate académico contemporáneo con énfasis en el diálogo con las ciencias y las humanidades. Deben ser trabajos de la más alta calidad académica, con rigor metodológico y conceptual; inéditos; avalados por el dictamen entre pares. Publica artículos de investigación, discusiones académicas y reseñas críticas de libros relevantes en el área de reciente publicación. Las contribuciones son dictaminadas bajo el esquema doble ciego y dura aproximadamente tres meses.
530 _aTambién disponible en línea
650 4 _aFilosofía
_95327
902 _aGloria Jiménez/230925
905 _aRevista
942 _cREV-I
999 _c59356
_d59356